Christopher Hitchens Bibliography - Statistics

General Stats
  • This quiz has been taken 15 times
  • The average score is 14 of 20
Answer Stats
Year Hint Answer % Correct
1995 Polemical exposé on a famous Catholic nun, "the ghoul of Calcutta". The Missionary Position: Mother Theresa in Theory and Practice
100%
1999 Attack piece on the US President. No One Left to Lie To: The Triangulations of William Jefferson Clinton
93%
2001 Arguing for the charge of war crimes against a famous US "statesman". The Trial of Henry Kissinger
93%
2007 His best-selling attack on religion. god is Not Great: How Religion Poisons Everything
86%
2010 His memoir. Hitch-22
86%
2012 Chronicling his demise from cancer. Mortality
86%
2002 A defence of his favourite author and essayist. Why Orwell Matters
86%
1984 History of a Mediterranean country. Hostage to History: Cyprus from the Ottomans to Kissinger
79%
2005 Short biography of his favourite Founding Father. Thomas Jefferson: Author of America
79%
2001 Book offering guidance on how to be a free thinker. Letters to a Young Contrarian
71%
2006 Short biography of an Anglo-American pamphleteer who wrote 'Common Sense'. Thomas Paine's 'Rights of Man': A Biography
71%
2011 His final collection of essays. Arguably: Essays
64%
1993 Collection of his writings from the early 1990s. For the Sake of Argument: Essays and Minority Reports
57%
2000 Collection of essays about literary figures. Unacknowledged Legislation: Writers in the Public Sphere
57%
2003 Pamphlet calling for the overthrow of a Middle Eastern dictator. A Long Short War: The Postponed Liberation of Iraq
50%
1990 Essays about the relationship between Britain and America. Blood, Class and Nostalgia: Anglo-American Ironies
43%
1987 Arguing to return artefacts held by the British Museum back to Greece. Imperial Spoils: The Curious Case of the Elgin Marbles
43%
1988 Collection of his writings from the 1980s. Prepared for the Worst: Selected Essays and Minority Reports
43%
2004 Collection of essays on everything from Trotsky to 9/11. Love, Poverty and War: Journeys and Essays
36%
1990 Pamphlet criticising the British Royal Family. The Monarchy: A Critique of Britain's Favourite Fetish
36%
No matching quizzes found
Score Distribution
Percent of People with Each Score
Percentile by Number Answered
Your Score History
You have not taken this quiz